Geografía y percepción: reflexiones en torno a la enseñanza de la geografía en la educación secundaria /
Se analiza la percepción de estudiantes acerca de los modos de vida en el planeta, así como la importancia de la enseñanza de la geografía para una visión realista de las diferentes culturas
保存先:
| 第一著者: | |
|---|---|
| フォーマット: | テキスト |
| 主題: | |
| タグ: |
タグ追加
タグなし, このレコードへの初めてのタグを付けませんか!
|
MARC
| LEADER | 00000 a a2200000 04500 | ||
|---|---|---|---|
| 001 | 13709 | ||
| 003 | |||
| 040 | |||
| 100 | |a Durán Vargas, Denis G. | ||
| 245 | |a Geografía y percepción: |b reflexiones en torno a la enseñanza de la geografía en la educación secundaria / |c Denis G. Durán Vargas | ||
| 520 | |a Se analiza la percepción de estudiantes acerca de los modos de vida en el planeta, así como la importancia de la enseñanza de la geografía para una visión realista de las diferentes culturas | ||
| 650 | |a CULTURA | ||
| 650 | |a EDUCACION | ||
| 650 | |a GEOGRAFIA | ||
| 650 | |a ESTUDIOS SOCIALES | ||
| 650 | |a TOLERANCIA | ||
| 773 | |g volumen 85, número 1 -2; páginas 305-316 | ||
| 999 | |c 32857 |d 32857 | ||
